Statistics for Anne of Green Gables

Click here to take the quiz!

General Stats

  • This quiz has been taken 46 times
  • The average score is 7 of 8

Answer Stats

#Title% Correct
1Anne of Green Gables
100%
2Anne of Avonlea
97%
3Anne of the Island
89%
6Anne of Ingleside
76%
5Anne's House of Dreams
76%
4Anne of Windy Poplars
74%
8Rilla of Ingleside
71%
7Rainbow Valley
66%

Score Distribution

Percentile by Number Answered

Percent of People with Each Score

Your Score History

You have not taken this quiz